Trade and structural adjustment embracing globalisation

Na minha lista:
Detalhes bibliográficos
Formato: Livro
Idioma:inglês
Publicado em: Paris OECD 2005
Assuntos:
Tags: Adicionar Tag
Sem tags, seja o primeiro a adicionar uma tag!

MARC

LEADER 00000nam$a2200000$$$4500
001 0035738
005 20221129083018.1
020 |a 92-64-01096-3 
041 0 |a eng 
044 |a FR 
245 1 0 |a Trade and structural adjustment  |b embracing globalisation 
264 1 |a Paris  |b OECD  |c 2005 
300 |a 339 s. 
610 2 0 |a obchod 
610 2 0 |a rezervy 
610 2 0 |a spolupráca medzinárodná 
610 2 0 |a poľnohospodárstvo 
610 2 0 |a rybárstvo 
610 2 0 |a oceľ 
610 2 0 |a textil 
610 2 0 |a odevy 
610 2 0 |a lode 
610 2 0 |a automobily 
610 2 0 |a zdravotníctvo 
610 2 0 |a technológie informačné 
610 2 0 |a svet 
610 2 0 |a OECD